000 00280nam a22001337a 4500
008 170818b xxu||||| |||| 00| 0 eng d
020 _a9780547102207
041 _aeng
080 _25 ED
_a51
100 _a51
101 _aMAT
245 _aALGEBRA
_cLARSON
942 _2udc
_cBK
999 _c24153
_d24153